000 00501nam a2200169Ia 4500
008 090201s9999 xx 000 0 und d
010 _aKPL-46419
040 _bमराठी
041 _aमराठी
082 _a50625
_b46419
100 _aवि. पा. दांडेकर
245 _aदणका
_cवि. पा. दांडेकर
260 _c2006
_bप्रिया प्रकाशन
300 _a183
_bमध्यम
600 _aदणका
942 _cBOOK
999 _c247153
_d247153